| 000 | 00752nam a2200253 a 4500 | ||
|---|---|---|---|
| 001 | BRL_1580 | ||
| 005 | 20190320211255.0 | ||
| 008 | 190314s1946----mx-ao#####---#000-0#spa-# | ||
| 041 | _aspa | ||
| 044 | _amx | ||
| 050 | 4 |
_aE58 _b.K75 1946 |
|
| 100 | 1 |
_aKrickeberg, Walter _923510 |
|
| 245 | 1 | 0 |
_aEtnología de América _cWalter Krickeberg ; versión española de Pedro Hendrich. |
| 260 |
_aMéxico _bFondo de Cultura Económica _c1946 |
||
| 300 |
_a498 p. _bil. _c24 cm. |
||
| 440 | 0 |
_aSección de obras de antropología _927349 |
|
| 500 | _aAu2083 | ||
| 500 | _aIncluye índice analítico | ||
| 650 | 1 | 4 |
_aIndígenas _923296 |
| 650 | 1 | 4 |
_aEtnología _zAmérica _923841 |
| 700 | 1 |
_aHendrich, Pedro _etr. _927350 |
|
| 902 | _aGRL | ||
| 942 |
_2lcc _cB |
||
| 999 |
_c10389 _d10389 |
||